Molecular biology of G-protein-coupled receptors /

Bibliographic Details
Other Authors: Brann, Mark R., 1958-
Format: Book
Language:English
Published: Boston : Birkhäuser, [1992]
Series:Applications of molecular genetics to pharmacology.
Subjects:

MARC

Tag First Indicator Second Indicator Subfields
LEADER 00000cam a22000008a 4500
001 in00004477939
005 20191202143514.0
008 911008s1992 maua b 001 0 eng c
010 |a  91033334  
019 |a 24590116 
020 |a 0817634657 (H : alk. paper) 
020 |a 3764334657 (alk. paper) 
035 |a (OCoLC)24628881 
035 |9 AAE8443MS 
035 |z (UtOrBLW)16195 
035 |a 27538 
040 |a DNLM/DLC  |c DLC  |d NLM  |d TMV  |d UtOrBLW 
049 |a TMVM  |c 1 
050 0 0 |a QP552.G16  |b M65 1992 
060 0 0 |a WL 102.8  |b M717 (P) 
069 0 |a 9112993 
082 0 0 |a 612.8/22  |2 20 
096 |a WL 102.8  |b M717 1992 
245 0 0 |a Molecular biology of G-protein-coupled receptors /  |c Mark R. Brann, editor ; foreword by Leslie L. Iversen. 
264 1 |a Boston :  |b Birkhäuser,  |c [1992] 
264 4 |c ©1992 
300 |a xvi, 326 pages :  |b illustrations ;  |c 24 cm. 
336 |a text  |2 rdacontent  |b txt 
337 |a unmediated  |2 rdamedia 
338 |a volume  |2 rdacarrier  |b nc 
490 1 |a Applications of molecular genetics to pharmacology 
504 |a Includes bibliographical references and index. 
505 0 |a Rhodopsin / Nicholas J.P. Ryba, Matthew D. Hall and John B.C. Findlay -- Structural, functional, and genetic aspects of receptors coupled to G-proteins / Brian F. O'Dowd ... [et al.] -- Genetic analysis of the β-adrenergic receptor / Catherine D. Strader and Richard A.F. Dixon -- α-adrenergic receptors: new subtypes, pharmacology, and coupling mechanisms / John W. Regan and Susanna Cotecchia -- 5-HT1A receptor: from molecular characteristics to clinical correlates / John R. Raymond, Salah El Mestikawy and Annick Fargin -- Dopamine D1 receptors / Hyman B. Niznik ... [et al.] -- Dopamine D2 receptor / Olivier Civelli ... [et al.] -- Muscarinic acetylcholine receptors / S.V. Penelope ... [et al.] -- Molecular biology of peptide and glycoprotein hormone receptors / David R. Poyner and Michael R. Hanley -- Signal transducing G-proteins: α subunits -- Immunological probes of the structure, function, and expression of heterotrimeric GTP-binding proteins / Allen M. Spiegel ... [et al.]. 
650 2 |a GTP-Binding Proteins  |x physiology. 
650 2 |a Receptors, Cell Surface  |x physiology. 
650 2 |a Receptors, Neurotransmitter  |x physiology. 
700 1 |a Brann, Mark R.,  |d 1958- 
830 0 |a Applications of molecular genetics to pharmacology. 
999 |a MARS 
999 f f |s 13948dbe-bd4c-3ae4-91c5-8468d5d75368  |i 721fa2d8-d023-3f25-b53b-4b26431d91a8  |t 0 
952 f f |p ric  |a Texas A&M University  |b Rellis Campus  |c Joint Library Facility  |d Remote Storage  |t 0  |e WL 102.8 M717 1992  |h National Library of Medicine classification  |i unmediated -- volume  |m 3238901139477 
998 f f |a WL 102.8 M717 1992  |t 0  |l Remote Storage